| 000 | 01440cam a2200385 a 4500 | ||
|---|---|---|---|
| 001 | 9352 | ||
| 003 | FISKH | ||
| 005 | 20251211144524.0 | ||
| 008 | 970819s1997 nyua b 000 1 eng d | ||
| 010 | _a 97072114 | ||
| 020 | _a0307988481 | ||
| 020 | _a9780307988485 | ||
| 020 | _a033500988486 | ||
| 035 | _a1656541 | ||
| 040 |
_aIHS _cIHS _dDLC _beng |
||
| 050 | _aPZ7.K8369 W | ||
| 082 | _a394.261 | ||
| 100 | 1 | _aKorman, Susan. | |
| 245 | 1 | 0 |
_aWake up, Groundhog! / _cby Susan Korman ; illustrated by Eugenie Fernandes. |
| 260 |
_aNew York : _bGolden Books, _c1997. |
||
| 300 |
_a24 unnumbered pages : _bcolor illustrations ; _c21 cm |
||
| 490 | 0 | _aA little golden book | |
| 505 | _aJ | ||
| 520 | _aIt's Groundhog Day, and all Gregory Groundhog's friends keep waking him up to find out whether Spring will be coming soon. Finally Gregory gets up, sees his shadow, and tells them winter will last six more weeks. Disappointed, they all return home to take naps, and Gregory decides to...wake them up! | ||
| 521 | 8 |
_a490
_bLexile AD |
|
| 521 | 8 |
_aJ
_bRaz-Plus |
|
| 650 | 1 |
_aGroundhog Day _vFiction. |
|
| 650 | 1 |
_aWoodchucks _vFiction. |
|
| 650 | 1 |
_aMarmots _vFiction. |
|
| 655 | 7 |
_aFiction. _2lcgft _0https://id.loc.gov/authorities/genreForms/gf2014026339 |
|
| 700 | 1 |
_aFernandes, Eugenie, _d1943- _eillustrator |
|
| 906 |
_a7 _bcbc _ccopycat _d2 _eopcn _f19 _gy-gencatlg |
||
| 942 |
_2ddc _cBK _n0 |
||
| 999 |
_c9352 _d9352 |
||